<?xml version="1.0" encoding="UTF-8"?><?xml-stylesheet type="text/xsl" href="static/style.xsl"?><OAI-PMH xmlns="http://www.openarchives.org/OAI/2.0/" xmlns:xsi="http://www.w3.org/2001/XMLSchema-instance" xsi:schemaLocation="http://www.openarchives.org/OAI/2.0/ http://www.openarchives.org/OAI/2.0/OAI-PMH.xsd"><responseDate>2026-04-14T18:13:55Z</responseDate><request verb="GetRecord" identifier="oai:uvadoc.uva.es:10324/7018" metadataPrefix="marc">https://uvadoc.uva.es/oai/request</request><GetRecord><record><header><identifier>oai:uvadoc.uva.es:10324/7018</identifier><datestamp>2021-06-29T10:13:44Z</datestamp><setSpec>com_10324_38</setSpec><setSpec>col_10324_852</setSpec></header><metadata><record xmlns="http://www.loc.gov/MARC21/slim" xmlns:doc="http://www.lyncode.com/xoai" xmlns:xsi="http://www.w3.org/2001/XMLSchema-instance" xmlns:dcterms="http://purl.org/dc/terms/" xsi:schemaLocation="http://www.loc.gov/MARC21/slim http://www.loc.gov/standards/marcxml/schema/MARC21slim.xsd">
<leader>00925njm 22002777a 4500</leader>
<datafield tag="042" ind1=" " ind2=" ">
<subfield code="a">dc</subfield>
</datafield>
<datafield tag="720" ind1=" " ind2=" ">
<subfield code="a">Santos Alegre, Francisco</subfield>
<subfield code="e">author</subfield>
</datafield>
<datafield tag="260" ind1=" " ind2=" ">
<subfield code="c">2014</subfield>
</datafield>
<datafield tag="520" ind1=" " ind2=" ">
<subfield code="a">En el presente Trabajo de Fin de Grado he llevado a cabo un estudio del juego&#xd;
motor reglado, más concretamente de uno de sus componentes, el Juego Bueno. Para&#xd;
ello, he tratado de analizar y destacar lo más importante de la escasa bibliografía que se&#xd;
encuentra del tema, documentándola en la fundamentación teórica. Posteriormente he&#xd;
analizado el desarrollo de una Unidad Didáctica realizada durante mi fase de prácticas&#xd;
en el centro C.E.I.P San Agustín contrastándola con los nuevos conocimientos&#xd;
adquiridos y modificando todos aquellos aspectos que en el presente no realizaría de&#xd;
igual modo. El resultado final es una nueva propuesta de UD para desarrollar en un&#xd;
grupo de primaria perteneciente al tercer ciclo, con el Juego bueno como eje central.</subfield>
</datafield>
<datafield tag="024" ind2=" " ind1="8">
<subfield code="a">http://uvadoc.uva.es/handle/10324/7018</subfield>
</datafield>
<datafield ind1=" " ind2=" " tag="653">
<subfield code="a">Juegos educativos</subfield>
</datafield>
<datafield ind1=" " ind2=" " tag="653">
<subfield code="a">Motricidad</subfield>
</datafield>
<datafield tag="245" ind1="0" ind2="0">
<subfield code="a">El “juego bueno”; Meta análisis de un proceso de intervención real en 5º de primaria</subfield>
</datafield>
</record></metadata></record></GetRecord></OAI-PMH>